000 00329 a2200157 4500
001 56901
020 _a8572081828
040 _cAnchieta - Pituba
100 _aAlbergaria, Lino de
240 1 0 _aMaria Poliana
_lpor
245 1 0 _aMaria Poliana
300 _a71
362 0 _a1997
650 4 _aLiteratura juvenil
942 _cBK
999 _c56901
_d56901